| 000 | 00704nam a2200157Ia 4500 | ||
|---|---|---|---|
| 008 | 220216s9999 xx 000 0 und d | ||
| 100 | _aRajagopal R | ||
| 245 | 0 | _aObservations on evaluation of vertical tapping as a crop harvesting method of rubber (Hevea brasiliensis)- Performance of clone RRII 105 to vertical tapping under d3 6d/7 frequency of tapping | |
| 260 | _bPLACROSYM XXIII. Climate Resilient Technologies for Sustainability of Plantation Crops, 6-8 March 2019, Central Coffee Research Institute, Chikkamangaluru, Karnataka, India, Abstracts, p.74. | ||
| 650 | _aRRII 105 | ||
| 650 | _aRubber | ||
| 650 | _aVertical tapping | ||
| 650 | _aYield | ||
| 700 | _aKarunaichamy K | ||
| 942 | _cBS | ||
| 999 |
_c49996 _d49996 |
||